00333nam a2200121Ia 4500008004100000041000800041082001400049100001900063245004500082260004100127300003200168365001100200240624s9999 xx 000 0 und d aeng a338.8 KUM aKUMAR NIRMALYA aINDIA S GLOBAL POWER HOUSES HOW THEY ARE c2009aBostonbHarvard Business Press axiii, : 250 : p. : cm. ; 24 cRSb20